Представление документа в формате RUSMARC

ПолеНазваниеЗначение
  Тип записи a
  Библиографический уровень m
001 Контрольный номер RU/SLIB/B/208708892
005 Дата корректировки 20241017120105.9
010 Индекс ISBN __
d Цена 5-00; 43-49
101 Язык документа __
a Язык текста rus
c Язык оригинала ger
200 Заглавие и сведения об ответственности 0_
a Заглавие Психологические типы
f Первые сведения об ответственности Юнг К. Г. ; пер. с нем. С. Лорие ; перераб. и доп. В. Зеленским ; под общ. ред., сост., предисл. и послесл. В. Зеленского
b Общее обозначение материала Текст
210 Выходные данные __
a Место издания СПб.
c Издательство Унив. кн.
210 Выходные данные __
a Место издания М.
c Издательство АСТ
d Дата издания 1998
215 Физическое описание __
a Объем 716 с.
225 Серия __
a Серия Классики зарубежной психологии
606 Тематические рубрики __
a Основная рубрика Психология
606 Тематические рубрики __
a Основная рубрика История психологии
606 Тематические рубрики __
a Основная рубрика Развитие психики
606 Тематические рубрики __
a Основная рубрика Общая психология
606 Тематические рубрики __
a Основная рубрика Отраслевая психология
610 Ключевые слова __
a Ключевые слова личность; психологические типы; психоанализ; характеры; типологические особенности личности; экстравертный тип; интровертный тип; темпераменты
686 Индексы других классификаций __
2 Код системы rubbks
a Классификационный индекс 88.3-71
700 Автор _1
a Фамилия Юнг
b Имя К. Г.
f Даты 1875-1961
g Полное личное имя Карл Густав
4 Код отношения 070
702 Вторичная интеллектуальная ответственность _1
a Фамилия Лорие
b Имя С.
4 Код отношения Переводчик
4 Код отношения 730
702 Вторичная интеллектуальная ответственность _1
a Фамилия Зеленский
b Имя В.
4 Код отношения Редактор
4 Код отношения 340
4 Код отношения 220
4 Код отношения 080
4 Код отношения 730
801 Источник записи _0
a Страна RU
b Организация Муниципальное бюджетное учреждение культуры "Централизованная библиотечная система" г. Сургут (Центральная городская библиотека им. А. С. Пушкина)
g Правила каталогизации ОБ/Смолякова
801 Источник записи _1
a Страна RU
b Организация Муниципальное бюджетное учреждение культуры "Централизованная библиотечная система" г. Сургут (Центральная городская библиотека им. А. С. Пушкина)
g Правила каталогизации ОБ/Смолякова
852 Данные о местонахождении __
j Шифр хранения 88.3-71
c Каталожный индекс 88
i Авторский знак Ю 50
p Инвентарный номер 72859
901 Тип документа __
t Тип документа m
903 Характеристики (МАРС) __
a Дата передачи 19990723
990 Данные о заказе (DOS) 00
j Количество экземпляров (DOS) 2
t N записи в КСУ для И/У (DOS) 199901